Nesmrtelné myšlenky /

Hlavní autor: Nietzsche, Friedrich, 1844-1900
Další autoři: Samek, Daniel, 1974-
Jazyk: Čeština
Vydáno: Praha : Aurora, 1999
Vydání: Vyd. 1.
Témata:
Fyzický popis: 165 s. ; 17 cm
Knihy
Uloženo v:
LEADER 01377nam a2200409 a 4500
001 000452820
003 CZ BrMZK
005 20260306074017.0
007 ta
008 990315s1999 xr e 0 cze d
015 |a cnb000772946 
020 |a 80-85974-80-0 
035 |a (OCoLC)44526002 
040 |a BOA001  |b cze 
043 |a e-gx--- 
045 |a w-w- 
072 7 |a 14(100-15)"15/20"  |x Moderní západní filozofie  |2 Konspekt  |9 5 
080 |a 101-051  |2 MRF 
080 |a 14(430)  |2 MRF 
080 |a (430)  |2 MRF 
080 |a (0:82-84)  |2 MRF 
100 1 |a Nietzsche, Friedrich,  |d 1844-1900  |7 jn19990006124  |4 aut 
245 1 0 |a Nesmrtelné myšlenky /  |c Friedrich Nietzsche ; z českých překladů vybral a uspořádal Daniel Samek 
250 |a Vyd. 1. 
260 |a Praha :  |b Aurora,  |c 1999 
300 |a 165 s. ;  |c 17 cm 
600 1 7 |a Nietzsche, Friedrich,  |d 1844-1900  |7 jn19990006124  |2 czenas 
648 7 |a 19. století  |7 ch460557  |2 czenas 
650 0 7 |a filozofové  |7 ph117191  |z Německo  |y 19. století  |2 czenas 
650 0 7 |a německá filozofie  |7 ph123485  |y 19. století  |2 czenas 
650 0 9 |a philosophers  |z Germany  |y 19th century  |2 eczenas 
650 0 9 |a German philosophy  |y 19th century  |2 eczenas 
655 7 |a citáty  |7 fd131832  |2 czenas 
655 9 |a quotations  |2 eczenas 
700 1 |a Samek, Daniel,  |d 1974-  |7 js20030818013  |4 com  |4 trl 
910 |a BOA001  |b 1-1066.447 
990 |a BK